000 00278nam a22001217a 4500
008 170607b xxu||||| |||| 00| 0 eng d
041 _aeng
080 _25 ED
_a32
100 _a18
101 _aSHP
245 _aCOMPARATIVE ESSENTIAL POLITICS
_cONEIL.P.H
942 _2udc
_cBK
999 _c16311
_d16311